Подробности
| 000 -МАРКЕР |
| контрольное поле |
02585nam2a22002891 4500 |
| 001 - ИДЕНТИФИКАТОР ЗАПИСИ |
| контрольное поле |
rc\3470529 |
| 005 - ИДЕНТИФИКАТОР ВЕРСИИ |
| контрольное поле |
20250610021248.0 |
| 021 ## - НОМЕР ГОСУДАРСТВЕННОЙ РЕГИСТРАЦИИ |
| Код страны |
Российская Федерация |
| Номер |
[72-875] |
| 035 ## - ДРУГИЕ СИСТЕМНЫЕ НОМЕРА |
| Идентификатор записи |
(NLR Aleph) 007640228 |
| 100 ## - ДАННЫЕ ОБЩЕЙ ОБРАБОТКИ |
| Данные общей обработки |
20130115d1971 |||y0rusy50 ca |
| 101 0# - ЯЗЫК РЕСУРСА |
| Язык текста, звукозаписи и т.д. |
русский |
| 102 ## - СТРАНА ПУБЛИКАЦИИ ИЛИ ПРОИЗВОДСТВА |
| Страна публикации |
Российская Федерация |
| 105 ## - ПОЛЕ КОДИРОВАННЫХ ДАННЫХ: ТЕКСТОВЫЕ МАТЕРИАЛЫ, МОНОГРАФИЧЕСКИЕ |
| Кодированные данные о монографическом текстовом документе |
y z ||||| |
| 200 1# - ЗАГЛАВИЕ И СВЕДЕНИЯ ОБ ОТВЕТСТВЕННОСТИ |
| Основное заглавие |
Управление сложными технико-экономическими системами |
| Сведения, относящиеся к заглавию |
(Тезисы докл.) |
| Первые сведения об ответственности |
[Ред. коллегия: канд. экон. наук В.А. Миненко (отв. ред.) и др.] |
| Последующие сведения об ответственности |
ЦК ЛКСМУ. АН УССР. М-во высш. и сред. спец. образования УССР. Укр. респ. совет НТО. Харьк. обком ЛКСМУ. Харьк. гос. ун-т им. А.М. Горького. Всесоюз. науч.-исслед. ин-т организации производства и труда в черной металлургии. Харьк. политехн. ин-т им. В.И. Ленина. Харьк. обл. совет НТО. Респ. науч.-техн. конф. |
| 210 ## - ПУБЛИКАЦИЯ, РАСПРОСТРАНЕНИЕ И ДР. |
| Дата издания, распространения и т.д. |
1971 |
| Место издания, распространения и т.д. |
Б. м. |
| 215 ## - ФИЗИЧЕСКАЯ ХАРАКТЕРИСТИКА |
| Специфическое обозначение материала и объем |
351 с. |
| Размеры |
20 |
| 300 ## - ОБЩИЕ ПРИМЕЧАНИЯ |
| Текст примечания |
На обл. только загл. выпуска |
| 320 ## - ПРИМЕЧАНИЯ О НАЛИЧИИ В ДОКУМЕНТЕ БИБЛИОГРАФИИ / УКАЗАТЕЛЯ |
| Текст примечания |
Списки лит. в конце докл. |
| 461 #0 - УРОВЕНЬ НАБОРА |
| Встроенное поле |
001rc\3470527 |
| -- |
2001#$aНаучно-технический прогресс и молодежь$eТезисы докл. участников науч. конф. Дек. 1971 г.$e[Вып. 1]-$fЦК ЛКСМ Украины. Укр. респ. совет НТО. Харьк. обком комсомола. АН УССР. М-во высш. и сред. спец. образования УССР. Харьк. гос. ун-т им. А.М. Горького$vВып. 2 |
| Системный номер (АБИС) связанной записи |
6117993 |
| Место публикации |
Харьков |
| Дата публикации |
1971- |
| Первые сведения об ответственности |
ЦК ЛКСМ Украины. Укр. респ. совет НТО. Харьк. обком комсомола. АН УССР. М-во высш. и сред. спец. образования УССР. Харьк. гос. ун-т им. А.М. Горького |
| Имя издателя, распространителя и т.д. |
Б. и. |
| Сведения, относящиеся к заглавию |
Тезисы докл. участников науч. конф. Дек. 1971 г. : [Вып. 1]- |
| Заглавие |
Научно-технический прогресс и молодежь |
| Номер тома |
Вып. 2 |
| 606 ## - НАИМЕНОВАНИЕ ТЕМЫ КАК ПРЕДМЕТ |
| Наименование темы |
Промышленные предприятия |
| Тематический подзаголовок |
Управление |
| -- |
Математические методы |
| Формальный подзаголовок |
Тезисы докладов (вып. 2) |
| Код системы |
psbo |
| 702 #1 - ИМЯ ЛИЦА - ВТОРИЧНАЯ ОТВЕТСТВЕННОСТЬ |
| Начальный элемент ввода |
Миненко |
| Часть имени, кроме начального элемента ввода |
В.А. |
| Код отношения |
Редактор |
| 801 #0 - ИСТОЧНИК ЗАПИСИ |
| Страна |
Российская Федерация |
| Организация |
NLR |
| Правила каталогизации |
psbo |
| 801 #1 - ИСТОЧНИК ЗАПИСИ |
| Страна |
Российская Федерация |
| Организация |
ELAR |
| Источник данных |
rusmarc |
| 852 ## - МЕСТОНАХОЖДЕНИЕ И ШИФР ХРАНЕНИЯ |
| Идентификатор организации |
NLR |
| Шифр хранения (Call Number) |
71-5/6216 |
| 942 ## - ДОПОЛНИТЕЛЬНЫЕ ЭЛЕМЕНТЫ ЗАПИСИ (АБИС) |
| Тип экземпляра АБИС |
Книга |
| 980 ## - КОЛЛЕКЦИЯ |
| Название коллекции |
Национальная библиография |